Bristol City Trivia - Statistics

General Stats
  • This quiz has been taken 33 times
  • The average score is 10 of 15
Answer Stats
Question Answer % Correct
What is the name of Bristol City’s stadium? Ashton Gate
100%
What is Bristol City’s nickname? The {Robins}
97%
With which club does Bristol City contest the Bristol Derby? Bristol Rovers
83%
Who is the current captain of Bristol City? Jason Knight
83%
Who is the current manager of Bristol City? Gerhard Struber
79%
Who is Bristol City’s record sale, departing for £25m to AFC Bournemouth in 2023? Alex Scott
72%
What is the surname of father-and-son duo Gary and Lee, who, as manager and player respectively, won promotion with Bristol City to the Championship in 2007? Johnson
69%
Who is Bristol City’s record signing, arriving from Chelsea for £8m in 2019? Tomáš Kalas
69%
Bristol City has a long association with which West Country band, who wrote club anthem One for the Bristol City? The Wurzels
66%
In 2015, Bristol City became the first club to win which trophy three times? EFL Trophy
62%
Which Englishman is Bristol City’s record goalscorer with 351? John Atyeo
55%
In 1909, Bristol City lost their only FA Cup final to which club? Manchester United
52%
Bristol City's stadium can be seen in the background of which London-set sitcom? Only Fools & Horses
48%
Which Englishman is Bristol City’s record appearance-maker with 646? Louis Carey
41%
Who managed Bristol City from 1967 to 1980 and led them to promotion to the First Division in 1976? Alan Dicks
31%
No matching quizzes found
Score Distribution
Percent of People with Each Score
Percentile by Number Answered
Your Score History
You have not taken this quiz